International business : (Record no. 132)

MARC details
000 -LEADER
fixed length control field 01289nam a22003377a 4500
001 - CONTROL NUMBER
control field 12987876
005 - DATE AND TIME OF LATEST TRANSACTION
control field 20230119101336.0
008 - FIXED-LENGTH DATA ELEMENTS--GENERAL INFORMATION
fixed length control field 230119b |||||||| |||| 00| 0 eng d
010 ## - LIBRARY OF CONGRESS CONTROL NUMBER
LC control number 2002040986
020 ## - INTERNATIONAL STANDARD BOOK NUMBER
International Standard Book Number 0072537973 (alk. paper)
020 ## - INTERNATIONAL STANDARD BOOK NUMBER
International Standard Book Number 0071214275 (international : alk. paper)
040 ## - CATALOGING SOURCE
Original cataloging agency DLC
Transcribing agency KMU
Modifying agency DLC
042 ## - AUTHENTICATION CODE
Authentication code pcc
050 00 - LIBRARY OF CONGRESS CALL NUMBER
Classification number HD 62.4 Int 2004
100 ## - MAIN ENTRY--PERSONAL NAME
Personal name Ball, Donald A.
245 00 - TITLE STATEMENT
Title International business :
Remainder of title The challenge of global competition /
Statement of responsibility, etc. Donald A. Ball, Wendael H.Mculloch,Jr,Paul L. Frantz,J.Michael Geringer and Michael S.Minor.
250 ## - EDITION STATEMENT
Edition statement 9th ed.
260 ## - PUBLICATION, DISTRIBUTION, ETC.
Place of publication, distribution, etc. Boston :
Name of publisher, distributor, etc. McGraw-Hill/Irwin,
Date of publication, distribution, etc. 2004.
300 ## - PHYSICAL DESCRIPTION
Extent 1 v. (various paging) :
Other physical details col. ill., maps ;
Dimensions 29 cm. +
Accompanying material Map.
504 ## - BIBLIOGRAPHY, ETC. NOTE
Bibliography, etc. note Includes bibliographical references and indexes.
650 #0 - SUBJECT ADDED ENTRY--TOPICAL TERM
Topical term or geographic name entry element International business enterprises
General subdivision Management.
650 #0 - SUBJECT ADDED ENTRY--TOPICAL TERM
Topical term or geographic name entry element International business enterprises.
650 #0 - SUBJECT ADDED ENTRY--TOPICAL TERM
Topical term or geographic name entry element International economic relations.
700 1# - ADDED ENTRY--PERSONAL NAME
Personal name MuCullloch,Wendell,H.Jr.
700 1# - ADDED ENTRY--PERSONAL NAME
Personal name Frantz,Paul,L.
700 1# - ADDED ENTRY--PERSONAL NAME
Personal name Geringer,Michael,J.
700 1# - ADDED ENTRY--PERSONAL NAME
Personal name Minor,Michael,S.
906 ## - LOCAL DATA ELEMENT F, LDF (RLIN)
a 7
b cbc
c orignew
d 1
e ocip
f 20
g y-gencatlg
942 ## - ADDED ENTRY ELEMENTS (KOHA)
Source of classification or shelving scheme Library of Congress Classification
Koha item type Non-Fiction
Suppress in OPAC No
Holdings
Withdrawn status Lost status Source of classification or shelving scheme Damaged status Not for loan Collection Home library Current library Shelving location Date acquired Source of acquisition Total Checkouts Full call number Barcode Date last seen Price effective from Koha item type Date last checked out
    Library of Congress Classification     Non-fiction Kapasa Makasa University Kapasa Makasa University Open Access 19.01.2023 Donation   HD 62.4 Int 2004 737784 19.01.2023 19.01.2023 Non-Fiction  
    Library of Congress Classification     Non-fiction Kapasa Makasa University Kapasa Makasa University Open Access 19.01.2023 Donation   HD 62.4 Int 2004 737893 19.01.2023 19.01.2023 Non-Fiction  
    Library of Congress Classification     Non-fiction Kapasa Makasa University Kapasa Makasa University Open Access 19.01.2023 Donation   HD 62.4 Int 2004 737896 19.01.2023 19.01.2023 Non-Fiction  
    Library of Congress Classification     Non-fiction Kapasa Makasa University Kapasa Makasa University Open Access 19.01.2023 Donation 1 HD 62.4 Int 2004 737891 01.04.2025 19.01.2023 Non-Fiction 17.03.2025
    Library of Congress Classification     Non-fiction Kapasa Makasa University Kapasa Makasa University Open Access 19.01.2023 Donation   HD 62.4 Int 2004 737785 19.01.2023 19.01.2023 Non-Fiction